000 00783nam a2200241Ia 4500
003 OSt
005 20220923225125.0
006 a|||||r|||| 00| 0
007 ta
008 220922b |||||||| |||| 00| 0 hin d
024 _a257,860
037 _cTextual
040 _aARTS
_cARTS
_bhin
041 _2hin
_ahin
082 _aSv, 152K3
100 _aजायसवाल, सीताराम
245 0 _aमनोविज्ञान की ऐतिहासिक रूपरेखा
246 _ahinovijnyān kī aitihāsik rūparekhā
260 _aलखनऊ
_b हिंदी समिति
_c1963
300 _a502पृ.
_ccm.
942 _hSv, 152K3
_cTEXL
_2CC
999 _c376237
_d376237